|
|
|
|
| LEADER |
00000nab#a22000007a#4500 |
| 001 |
arbauad015004 |
| 003 |
AR-BaUAD |
| 005 |
20250711111417.0 |
| 008 |
951102|||||||||###||||||b###|0###a|spa|| |
| 040 |
|
|
|a AR-BaUAD
|c AR-BaUAD
|b spa
|
| 245 |
1 |
0 |
|a Negozio ad Anversa, Belgio
|
| 300 |
0 |
|
|b det., fot., plantas
|
| 653 |
|
|
|a BATAILLE, CLAIRE
|
| 653 |
|
|
|a IBENS, PAUL
|
| 653 |
|
|
|a BELGICA
|
| 653 |
|
|
|a LOCALES COMERCIALES
|
| 653 |
|
|
|a AMBERES
|
| 773 |
0 |
|
|t Domus
|g no. 773 [jul.-ago. 1995], p. 36-39
|
| 942 |
|
|
|c ARTI
|
| 952 |
|
|
|0 0
|1 0
|4 0
|7 0
|9 59924
|a AR-BAuAD
|b AR-BAuAD
|d 2025-07-11
|l 0
|p AAQA015004
|r 2025-07-11 11:14:17
|w 2025-07-11
|y ARTI
|
| 990 |
|
|
|a AQ199
|b TD
|
| 998 |
|
|
|a AAQ
|b BIBUN76
|
| 999 |
|
|
|c 39597
|d 39597
|